A közösségi média és az olvasás kapcsolatainak vizsgálata

Bibliográfiai részletek
Szerző: Molnár Orsolya
További közreműködők: Czipperer Zsófia Petra
Dokumentumtípus: Diplomadolgozat
Kulcsszavak:Bookstagram
Bookternet
BookTok
BookTube
influenszer
közösségi média
olvasás
olvasási szokások
virtuális közösség
Online Access:http://dolgozattar.uni-bge.hu/59575

MARC

LEADER 00000nta a2200000 i 4500
001 dolg59575
005 20260409145242.0
008 260409suuuu hu om 000 hun d
040 |a BGE Dolgozattár Repozitórium  |b hun 
041 |a hu 
100 1 |a Molnár Orsolya 
245 1 2 |a A közösségi média és az olvasás kapcsolatainak vizsgálata  |c Molnár Orsolya  |h [elektronikus dokumentum] 
520 3 |a Dolgozatomban a közösségi média és az olvasás kapcsolatait vizsgálom. Ezen belül az olvasás jótékony hatásait és formáit is részletezem. Bemutatom továbbá, hogy miért fontos az olvasóvá nevelés és a fiatalok olvasáshoz való viszonyát is szemléltetem nemek szerinti bontásban. A dolgozatban továbbá megjelenik az e-könyvek témája, a könyvtárak, a médiafogyasztási szokások. A könyvek és a közösségi média központi témája a dolgozatnak, különböző platformok könyves kapcsolatait is bemutatom: Facebook, Youtube, Instagram, TikTok. Ezekhez kapcsolódva az influenszerek szerepét is bemutatom. A platformok közül kiemelem a TikTokot. Kutatásomban a 18 és 30 év közötti fiatal felnőttek olvasási szokásait és közösségi média jelenlétüket vizsgáltam, továbbá kitértem a BookTok hatásaira is. 
695 |a Bookstagram 
695 |a Bookternet 
695 |a BookTok 
695 |a BookTube 
695 |a influenszer 
695 |a közösségi média 
695 |a olvasás 
695 |a olvasási szokások 
695 |a virtuális közösség 
700 1 |a Czipperer Zsófia Petra  |e ths 
856 4 0 |u http://dolgozattar.uni-bge.hu/59575/1/Moln%C3%A1r_Orsolya_szakdolgozat.pdf  |z Dokumentum-elérés 
856 4 0 |u http://dolgozattar.uni-bge.hu/59575/2/Moln%C3%A1r%20Orsolya_b%C3%ADr%C3%A1lat.pdf  |z Dokumentum-elérés 
856 4 0 |u http://dolgozattar.uni-bge.hu/59575/3/Moln%C3%A1r%20Orsolya_opponens_biralat_Tak%C3%A1csEdit.pdf  |z Dokumentum-elérés